Learn Civil Education In A Week Volume 3 (Record no. 3866)
[ view plain ]
| 000 -LEADER | |
|---|---|
| fixed length control field | 00318nam a22001097a 4500 |
| 005 - DATE AND TIME OF LATEST TRANSACTION | |
| control field | 20210416093053.0 |
| 008 - FIXED-LENGTH DATA ELEMENTS--GENERAL INFORMATION | |
| fixed length control field | 210416b ||||| |||| 00| 0 eng d |
| 020 ## - INTERNATIONAL STANDARD BOOK NUMBER | |
| International Standard Book Number | 9789982670179 |
| 040 ## - CATALOGING SOURCE | |
| Transcribing agency | CML |
| 245 ## - TITLE STATEMENT | |
| Title | Learn Civil Education In A Week Volume 3 |
| Statement of responsibility, etc. | CIV |
| 942 ## - ADDED ENTRY ELEMENTS (KOHA) | |
| Source of classification or shelving scheme | Dewey Decimal Classification |
| Koha item type | Books |
| Edition | 1st Edtion |
| Classification part | 323.042 |
| Call number suffix | CIV |
| Withdrawn status | Lost status | Source of classification or shelving scheme | Damaged status | Not for loan | Collection code | Home library | Current library | Shelving location | Date acquired | Total Checkouts | Full call number | Date last seen | Copy number | Price effective from | Koha item type |
|---|---|---|---|---|---|---|---|---|---|---|---|---|---|---|---|
| Dewey Decimal Classification | Social Sciences | Chalimbana Main Library | Chalimbana Main Library | Social Sciences | 04/16/2021 | 323.042 CIV | 04/16/2021 | 1 | 04/16/2021 | Books |